00809nam a22002417a 450000500170000001000130001702000230003003500130005303700160006604000120008208200150009410000240010924500570013326000460019027000480023630000270028450000200031165000320033165000350036394200240039899900190042295201260044120170124105953.0 aA-817172 c295.00a8120310497 aA-817172 bCen Lib/Ret aDPLbEN a338.7bTIR aTirole, Jean914193 aTheory of industrial organization /cby Jean Tirole  aNew Delhi bPrentice Hall of India c1996 aM-97, connaught circus bNew Delhi e110015 axii, 479p. :c24cm(Hb) aIncludes index  aEconomic development 91481 aIndustrial organization914194 2ddccENh338.7mTIR c125401d125401 00104070aLbLd2015-06-20eCen Lib/Retg295.00l0o338.7 TIRpA-817172r2015-06-20 00:00:00t1v295.00w2015-06-20yEN